| 000 | 00427nam a22001457a 4500 | ||
|---|---|---|---|
| 999 |
_c527366 _d527366 |
||
| 003 | NUST | ||
| 020 |
_a9780984881246 _qP/B. |
||
| 038 | _awaseem | ||
| 082 |
_a005.1 _bFOX |
||
| 100 |
_aFox, Armando _918580 |
||
| 245 |
_aEngineering Software As a Service: _bAn Agile Approach Using Cloud Computing / _cArmando Fox, David Patterson |
||
| 260 |
_aNew York : _bStrawberry Canyon LLC, _c2014. |
||
| 300 | _a474 p. ; | ||
| 942 |
_2ddc _cBK |
||